Design and validation of computer protocols / (Record no. 18088)
[ view plain ]
| 000 -LEADER | |
|---|---|
| fixed length control field | 00964pam a2200289 a 4500 |
| 001 - CONTROL NUMBER | |
| control field | 4835531 |
| 005 - DATE AND TIME OF LATEST TRANSACTION | |
| control field | 20140304120527.0 |
| 008 - FIXED-LENGTH DATA ELEMENTS--GENERAL INFORMATION | |
| fixed length control field | 900612t1991 xxuadk frb 001 0 eng d |
| 010 ## - LIBRARY OF CONGRESS CONTROL NUMBER | |
| LC control number | 90040822 |
| 020 ## - INTERNATIONAL STANDARD BOOK NUMBER | |
| International Standard Book Number | 0135399254 |
| 020 ## - INTERNATIONAL STANDARD BOOK NUMBER | |
| International Standard Book Number | 9780135399255 |
| 040 ## - CATALOGING SOURCE | |
| Original cataloging agency | DLC |
| Transcribing agency | DLC |
| Modifying agency | DLC |
| 082 04 - DEWEY DECIMAL CLASSIFICATION NUMBER | |
| Classification number | 004.62 |
| Edition number | 22 |
| Item number | HOL |
| 100 1# - MAIN ENTRY--PERSONAL NAME | |
| Personal name | Holzmann, Gerard J. |
| 9 (RLIN) | 35373 |
| 245 10 - TITLE STATEMENT | |
| Title | Design and validation of computer protocols / |
| Statement of responsibility, etc | Gerard J. Holzmann. |
| 260 ## - PUBLICATION, DISTRIBUTION, ETC. (IMPRINT) | |
| Place of publication, distribution, etc | Upper Saddle River, United States : |
| Name of publisher, distributor, etc | Prentice Hall, |
| Date of publication, distribution, etc | c.1991. |
| 300 ## - PHYSICAL DESCRIPTION | |
| Extent | xii, 500 p. : |
| Other physical details | chart, forms, tables ; |
| Dimensions | 25 cm. |
| 490 0# - Series Statement | |
| Series statement | Prentice Hall software series |
| 500 ## - GENERAL NOTE | |
| General note | At head of title : AT & T. |
| 500 ## - GENERAL NOTE | |
| General note | Includes indexes. |
| 504 ## - BIBLIOGRAPHY, ETC. NOTE | |
| Bibliography, etc | Includes bibliographical references. |
| 650 #0 - SUBJECT ADDED ENTRY--TOPICAL TERM | |
| Topical term or geographic name as entry element | Computer network protocols |
| General subdivision | Design |
| 9 (RLIN) | 35374 |
| 653 ## - INDEX TERM--UNCONTROLLED | |
| Resource For college | Informatics and Computer Science |
| Arrived date list | March2014 |
| 655 ## - INDEX TERM--GENRE/FORM | |
| Form subdivision | |
| -- | 33728 |
| 710 2# - ADDED ENTRY--CORPORATE NAME | |
| Corporate name or jurisdiction name as entry element | American Telephone and Telegraph Company |
| 9 (RLIN) | 35371 |
| 942 ## - ADDED ENTRY ELEMENTS (KOHA) | |
| Source of classification or shelving scheme | Dewey Decimal Classification |
| Call number prefix | 004.62 HOL |
| Withdrawn status | Item status | Source of classification or shelving scheme | Damaged status | Not for loan | Vendor | Home library | Current library | Shelving location | Date acquired | Source of acquisition | Cost, normal purchase price | Total Checkouts | Full call number | Barcode | Date last seen | Cost, replacement price | Koha item type | Total Renewals | Date last borrowed |
|---|---|---|---|---|---|---|---|---|---|---|---|---|---|---|---|---|---|---|---|
| Dewey Decimal Classification | Baccah | Central Library | Central Library | Lower Floor | 04/03/2014 | 780.00 | 004.62 HOL | 000035658 | 15/07/2025 | 975.00 | NB - Book (Non borrowing) | ||||||||
| Dewey Decimal Classification | Baccah | Central Library | Central Library | Lower Floor | 04/03/2014 | 780.00 | 2 | 004.62 HOL | 000035659 | 15/07/2025 | 975.00 | Book - Borrowing | 1 | 11/02/2025 | |||||
| Dewey Decimal Classification | Baccah | Central Library | Central Library | Lower Floor | 04/03/2014 | 780.00 | 004.62 HOL | 000035660 | 15/07/2025 | 975.00 | Book - Borrowing |